Shape Venn Diagram VIII Quiz Stats

 Plays Quiz Updated Mar 17, 2020

Support Sporcle.
Go Orange.
Score 0/31 Timer 05:00
1 Play Today
% Correct
???
91.2%
???
90.7%
???
89.9%
???
89.7%
???
89.6%
???
89.5%
???
89.3%
???
89.3%
???
89.2%
???
89.2%
???
89%
???
88.9%
???
88.9%
???
88.8%
???
88.7%
???
88.5%
% Correct
???
88.1%
???
87.6%
???
87.2%
???
87.1%
???
87%
???
86.9%
???
86.8%
???
86.4%
???
86.2%
???
85.8%
???
85.7%
???
85.6%
???
84.6%
???
80.2%
???
77.9%

From the Vault

Technically Correct Band Names II

by Bolafssonify

Music 3m
Sometimes, being good at spelling and grammar won't help you.
Remove Ads.
Support Sporcle.
Get the best of Sporcle when you Go Orange. This ad-free experience offers more features, more stats, and more fun while also helping to support Sporcle. Thank you for becoming a member.

Show Comments

Extras

Top Quizzes Today


Score Distribution

Your Account Isn't Verified!

In order to create a playlist on Sporcle, you need to verify the email address you used during registration. Go to your Sporcle Settings to finish the process.

Report this User

Report this user for behavior that violates our Community Guidelines.

Details: